[Event "6MCR_4D_2L_4S"]
[Site "?"]
[Date "2004.??.??"]
[Round "?"]
[White "Novak, Tomas"]
[Black "Cvak, Rudolf"]
[Result "1-0"]
[WhiteElo "1800"]
[BlackElo "1835"]
[PlyCount "79"]
[EventDate "2004.??.??"]
[EventType "corr"]
[SourceDate "2004.06.03"]

1. e4 d5 2. exd5 Nf6 3. d4 Nxd5 4. Nf3 g6 5. c4 Nb6 6. Nc3 Bg7 7. c5 N6d7 8.
Bc4 O-O 9. O-O Nf6 10. Ne5 Nfd7 11. Bf4 Nc6 12. Nxc6 bxc6 13. Ne4 a5 14. Qd3
Nf6 15. Nxf6+ exf6 16. Rfe1 Bf5 17. Qd2 Qd7 18. d5 Rfe8 19. dxc6 Qxd2 20. Rxe8+
Rxe8 21. Bxd2 Ra8 22. Bf4 Ra7 23. Rd1 Bf8 24. Rd8 Kg7 25. Bd6 cxd6 26. cxd6
Bxd6 27. Rxd6 Rc7 28. f3 g5 29. a4 h5 30. Kf2 Re7 31. Rd5 Be6 32. Rc5 Bxc4 33.
Rxc4 Re8 34. c7 Rc8 35. Ke3 Kf8 36. Kd4 Ke7 37. Rc6 Kd7 38. Kc5 Rxc7 39. Rxc7+
Kxc7 40. Kb5 1-0

[Event "6MCR_4D_2L_4S"]
[Site "?"]
[Date "2004.??.??"]
[Round "?"]
[White "Novak, Tomas"]
[Black "Jina, Jiri"]
[Result "1-0"]
[WhiteElo "1800"]
[BlackElo "2097"]
[PlyCount "70"]
[EventDate "2004.??.??"]
[EventType "corr"]
[SourceDate "2004.06.03"]

1. e4 e6 2. d4 d5 3. Nc3 Nf6 4. e5 Nfd7 5. f4 c5 6. Nf3 Nc6 7. Be3 Qb6 8. Na4
Qa5+ 9. c3 c4 10. b4 Qc7 11. g3 Ne7 12. Nh4 Ng6 13. Nxg6 hxg6 14. h4 Qc6 15. a3
a5 16. Rh2 Qa6 17. Rb2 Qb5 18. Qc2 b6 19. Rbb1 axb4 20. axb4 Qc6 21. Bg2 Qb7
22. Kf2 Be7 23. Bf3 Qb8 24. Bg4 Bb7 25. Bxe6 fxe6 26. Qxg6+ Kf8 27. Qxe6 Qe8
28. Nxb6 Nxb6 29. Qxb6 Qc8 30. e6 Rh5 31. b5 Kg8 32. Rf1 g6 33. Rxa8 Qxa8 34.
Kg2 Qb8 35. f5 Rxf5 1-0

[Event "6MCR_4D_2L_4S"]
[Site "?"]
[Date "2004.??.??"]
[Round "?"]
[White "Novak, Tomas"]
[Black "Schwarz, Jan"]
[Result "1/2-1/2"]
[WhiteElo "1800"]
[BlackElo "2270"]
[PlyCount "62"]
[EventDate "2004.??.??"]
[EventType "corr"]
[SourceDate "2004.06.03"]

1. e4 c5 2. c3 d5 3. exd5 Qxd5 4. d4 Nf6 5. Nf3 e6 6. Bd3 Be7 7. O-O O-O 8. c4
Qd8 9. dxc5 Nbd7 10. c6 bxc6 11. Qe2 Qc7 12. Nc3 Bb7 13. Bg5 c5 14. Rad1 Bc6
15. Rd2 h6 16. Nb5 Bxb5 17. Bxf6 Nxf6 18. cxb5 Rad8 19. Rc1 Nd5 20. g3 Nb4 21.
Bc4 Bf6 22. Rcd1 Rxd2 23. Nxd2 Bxb2 24. Nb3 Ba3 25. Qe3 Nd5 26. Bxd5 exd5 27.
Rxd5 c4 28. Nd4 Rd8 29. Qf3 Rxd5 30. Qxd5 c3 31. Qc6 Qa5 1/2-1/2

[Event "6MCR_4D_2L_4S"]
[Site "?"]
[Date "2004.??.??"]
[Round "?"]
[White "Novak, Tomas"]
[Black "Zitek, Miroslav"]
[Result "1-0"]
[WhiteElo "1800"]
[BlackElo "1800"]
[PlyCount "65"]
[EventDate "2004.??.??"]
[EventType "corr"]
[SourceDate "2004.06.03"]

1. e4 Nf6 2. e5 Nd5 3. d4 d6 4. Nf3 dxe5 5. Nxe5 Nd7 6. Nxf7 Kxf7 7. Qh5+ Ke6
8. g3 N7f6 9. Bh3+ Kd6 10. Qe5+ Kc6 11. Bg2 b5 12. a4 b4 13. c4 bxc3 14. bxc3
e6 15. c4 Bd6 16. Qe2 Rb8 17. cxd5+ exd5 18. Nc3 Re8 19. Be3 Bb4 20. O-O Bxc3
21. Rfc1 Kd7 22. Rxc3 Re7 23. Qc2 Ba6 24. Bf4 Bc4 25. Be5 Ke8 26. g4 Nxg4 27.
Qxh7 Nxe5 28. dxe5 Rxe5 29. Rxc4 dxc4 30. Qxg7 Qd6 31. Qh8+ Kf7 32. Qxb8 Rh5
33. Re1 1-0

[Event "6MCR_4D_2L_4S"]
[Site "?"]
[Date "2004.??.??"]
[Round "?"]
[White "Schwarz, Jan"]
[Black "Bares, Jiri"]
[Result "1/2-1/2"]
[WhiteElo "2270"]
[BlackElo "2226"]
[PlyCount "109"]
[EventDate "2004.??.??"]
[EventType "corr"]
[SourceDate "2004.06.03"]

1. e4 c5 2. Nf3 d6 3. d4 cxd4 4. Nxd4 Nf6 5. Nc3 g6 6. Be3 Bg7 7. f3 Nc6 8. Qd2
O-O 9. O-O-O d5 10. exd5 Nxd5 11. Nxc6 bxc6 12. Nxd5 cxd5 13. Qxd5 Qc7 14. Qc5
Qb7 15. Qa3 Bf5 16. c3 Rab8 17. Ba6 Qc7 18. Bd3 Bxd3 19. Rxd3 Rb7 20. h4 Rfb8
21. Rhd1 h5 22. R1d2 Qc4 23. f4 e6 24. b3 Qe4 25. Qc5 Kh7 26. Kd1 Bf6 27. Kc2
Rd8 28. Qc4 Qf5 29. Kb2 Rxd3 30. Qxd3 Qg4 31. Qd6 Qg3 32. Bd4 Bxd4 33. Qxd4
Qxh4 34. Qe5 Kg8 35. Kc2 Qe7 36. g4 h4 37. Qe1 g5 38. fxg5 Qxg5 39. Rh2 Qxg4
40. Qh1 Qf5+ 41. Kb2 Qd5 42. Qg1+ Kf8 43. Qf2 f5 44. Qxh4 Rg7 45. Qh6 Kf7 46.
Rf2 Rg2 47. Qh7+ Kf6 48. Qxa7 f4 49. a4 Qf3 50. Qd4+ Kf5 51. Rd2 Qf1 52. Rxg2
Qxg2+ 53. Kc1 f3 54. Qd3+ Ke5 55. Qe3+ 1/2-1/2

[Event "6MCR_4D_2L_4S"]
[Site "?"]
[Date "2004.??.??"]
[Round "?"]
[White "Schwarz, Jan"]
[Black "Chvojka, Jaroslav"]
[Result "1/2-1/2"]
[WhiteElo "2270"]
[BlackElo "2131"]
[PlyCount "40"]
[EventDate "2004.??.??"]
[EventType "corr"]
[SourceDate "2004.06.03"]

1. e4 c6 2. d4 d5 3. Nc3 dxe4 4. Nxe4 Nf6 5. Nxf6+ exf6 6. Nf3 Bd6 7. Bd3 O-O
8. O-O Bg4 9. h3 Bh5 10. c4 Re8 11. Qb3 Qd7 12. Nh4 Bc7 13. Bf5 Qxd4 14. Qxb7
Be2 15. Re1 Na6 16. Be3 Qxc4 17. Rac1 Qb5 18. Qxc6 Qxc6 19. Rxc6 Bb5 20. Rcc1
g6 1/2-1/2

[Event "6MCR_4D_2L_4S"]
[Site "?"]
[Date "2004.??.??"]
[Round "?"]
[White "Schwarz, Jan"]
[Black "Cvak, Rudolf"]
[Result "1/2-1/2"]
[WhiteElo "2270"]
[BlackElo "1835"]
[PlyCount "105"]
[EventDate "2004.??.??"]
[EventType "corr"]
[SourceDate "2004.06.03"]

1. e4 e6 2. d4 d5 3. Nd2 c5 4. Ngf3 cxd4 5. exd5 Qxd5 6. Bc4 Qd6 7. O-O Nf6 8.
Nb3 Nc6 9. Nbxd4 Nxd4 10. Nxd4 a6 11. c3 Qc7 12. Bb3 Bd6 13. h3 O-O 14. Re1 b5
15. Bg5 Bb7 16. Bxf6 gxf6 17. Bxe6 fxe6 18. Nxe6 Qd7 19. Nc5 Bh2+ 20. Kh1 Qxh3
21. Nxb7 Qh4 22. Qf3 Bf4+ 23. Qh3 Qxf2 24. Re7 h6 25. Qg4+ Bg5 26. Qd7 Rf7 27.
Qe6 Qh4+ 28. Kg1 Qc4 29. Qxc4 bxc4 30. Rxf7 Kxf7 31. Nd6+ Ke6 32. Nxc4 Bh4 33.
Rd1 Bg3 34. Rd3 Rg8 35. Nd2 Bc7 36. a3 h5 37. b4 Rg4 38. Nb3 Bb6+ 39. Kh2 f5
40. Nd4+ Kf6 41. Kh3 a5 42. g3 axb4 43. Ne2 Kg5 44. cxb4 h4 45. gxh4+ Rxh4+ 46.
Kg2 Bc7 47. Nc3 Rh2+ 48. Kf3 Be5 49. Ne4+ fxe4+ 50. Kxe4 Re2+ 51. Kd5 Kf4 52.
Rd1 Bc3 53. Rc1 1/2-1/2

[Event "6MCR_4D_2L_4S"]
[Site "?"]
[Date "2004.??.??"]
[Round "?"]
[White "Schwarz, Jan"]
[Black "Jina, Jiri"]
[Result "1/2-1/2"]
[WhiteElo "2270"]
[BlackElo "2097"]
[PlyCount "78"]
[EventDate "2004.??.??"]
[EventType "corr"]
[SourceDate "2004.06.03"]

1. e4 e5 2. Nf3 Nc6 3. Bc4 Bc5 4. b4 Bxb4 5. c3 Ba5 6. d4 exd4 7. O-O Nf6 8.
Ba3 d6 9. e5 Ng4 10. exd6 cxd6 11. Re1+ Nge5 12. Nxe5 dxe5 13. Bb5 Be6 14. Rxe5
Bc7 15. Re1 Qd5 16. Bxc6+ Qxc6 17. Qxd4 f6 18. Nd2 Kf7 19. Nf3 Rhe8 20. Qb4 a5
21. Qc5 Qxc5 22. Bxc5 Rac8 23. Be3 a4 24. Nd4 Bd5 25. Rad1 Kg6 26. a3 Ba5 27.
Ne2 Bb3 28. Rd7 Bxc3 29. Nxc3 Rxc3 30. Rxb7 Bd5 31. Rb5 Rd8 32. Bc5 Bc6 33. Ra5
Re8 34. Rd1 Rc4 35. h3 Re5 36. Bb4 Rxa5 37. Bxa5 Rc2 38. f3 h6 39. Rd2 Rxd2
1/2-1/2

[Event "6MCR_4D_2L_4S"]
[Site "?"]
[Date "2004.??.??"]
[Round "?"]
[White "Schwarz, Jan"]
[Black "Novak, Tomas"]
[Result "1/2-1/2"]
[WhiteElo "2270"]
[BlackElo "1800"]
[PlyCount "71"]
[EventDate "2004.??.??"]
[EventType "corr"]
[SourceDate "2004.06.03"]

1. e4 c5 2. Nf3 e6 3. d4 cxd4 4. Nxd4 a6 5. Bd3 Bc5 6. Nb3 Be7 7. Qg4 g6 8. Qe2
d6 9. O-O Nd7 10. c4 b6 11. Be3 Bb7 12. a4 Nc5 13. N1d2 a5 14. Bc2 Nf6 15. Bh6
Nfd7 16. Bg7 Rg8 17. Bc3 e5 18. Nxc5 Nxc5 19. Nb1 Qc7 20. Bd2 Ne6 21. Bd3 Qd8
22. Nc3 Bg5 23. Be3 Bxe3 24. fxe3 Kf8 25. Bc2 Kg7 26. Nd5 Bxd5 27. exd5 Nc5 28.
e4 Ra7 29. Ra3 Rc7 30. Rg3 h6 31. b3 Qh4 32. Qe1 Qe7 33. Qe3 Rh8 34. Qf2 Rh7
35. Qf5 Kh8 36. Qf3 1/2-1/2

[Event "6MCR_4D_2L_4S"]
[Site "?"]
[Date "2004.??.??"]
[Round "?"]
[White "Schwarz, Jan"]
[Black "Zitek, Miroslav"]
[Result "1/2-1/2"]
[WhiteElo "2270"]
[BlackElo "1800"]
[PlyCount "101"]
[EventDate "2004.??.??"]
[EventType "corr"]
[SourceDate "2004.06.03"]

1. e4 g6 2. d4 Bg7 3. Nf3 d6 4. c3 Nf6 5. Bd3 O-O 6. O-O c5 7. Re1 cxd4 8. cxd4
Bg4 9. Be3 Nc6 10. Nbd2 Rc8 11. Qb3 Qb6 12. Qxb6 axb6 13. a3 Bxf3 14. Nxf3 Ng4
15. Rac1 Nxe3 16. fxe3 Na7 17. g4 Rc6 18. Rc3 Rfc8 19. Rec1 Rxc3 20. Rxc3 Rxc3
21. bxc3 b5 22. h4 h6 23. Kf2 Kf8 24. Kg3 e6 25. g5 Ke8 26. Kf4 Kd7 27. Nh2 h5
28. Nf3 Bf8 29. Ne1 Kc6 30. e5 Nc8 31. Nc2 Kb6 32. Nb4 dxe5+ 33. Kxe5 Bg7+ 34.
Kf4 Nd6 35. e4 Ka5 36. e5 Nc4 37. Be4 Ka4 38. Bxb7 Kb3 39. Be4 Kxc3 40. Nc6 Bf8
41. d5 Bxa3 42. dxe6 fxe6 43. Bxg6 Bc1+ 44. Kf3 b4 45. Bf7 Nd2+ 46. Kg2 Nb3 47.
Bxe6 Nd4 48. Bd5 b3 49. Nxd4 Kxd4 50. Bxb3 Kxe5 51. Kg3 1/2-1/2

[Event "6MCR_4D_2L_4S"]
[Site "?"]
[Date "2004.??.??"]
[Round "?"]
[White "Zitek, Miroslav"]
[Black "Bares, Jiri"]
[Result "0-1"]
[WhiteElo "1800"]
[BlackElo "2226"]
[PlyCount "56"]
[EventDate "2004.??.??"]
[EventType "corr"]
[SourceDate "2004.06.03"]

1. d4 Nf6 2. c4 e6 3. Nc3 c5 4. Nf3 d5 5. cxd5 Nxd5 6. e4 Nxc3 7. bxc3 cxd4 8.
cxd4 Nc6 9. Bc4 b5 10. Bb3 Bb4+ 11. Bd2 Bxd2+ 12. Qxd2 O-O 13. O-O Bb7 14. Rfd1
Na5 15. d5 Nxb3 16. axb3 exd5 17. exd5 Qf6 18. Ne1 Rad8 19. d6 Rfe8 20. d7 Re7
21. Rxa7 Qc6 22. Qg5 f6 23. Qg4 h5 24. Qg3 Qxd7 25. Rc1 h4 26. Qc3 Qd5 27. Nf3
h3 28. Raa1 Re5 0-1

[Event "6MCR_4D_2L_4S"]
[Site "?"]
[Date "2004.??.??"]
[Round "?"]
[White "Zitek, Miroslav"]
[Black "Chvojka, Jaroslav"]
[Result "0-1"]
[WhiteElo "1800"]
[BlackElo "2131"]
[PlyCount "82"]
[EventDate "2004.??.??"]
[EventType "corr"]
[SourceDate "2004.06.03"]

1. d4 Nf6 2. c4 e6 3. Nc3 Bb4 4. Qb3 c5 5. Bg5 cxd4 6. Qxb4 Nc6 7. Qb3 dxc3 8.
Qxc3 h6 9. Bxf6 Qxf6 10. Qxf6 gxf6 11. g3 Ke7 12. Bg2 d6 13. Rd1 Rb8 14. Kd2
Bd7 15. Nf3 b5 16. cxb5 Rxb5 17. b3 Rc8 18. Rc1 Rd5+ 19. Ke3 Ra5 20. a4 Rb8 21.
Rc3 d5 22. Rhc1 Nb4 23. Rc7 Na6 24. Rxa7 Rxb3+ 25. Kd2 Rb2+ 26. Ke1 Rxa4 27. h4
Kd6 28. Nd2 Bb5 29. Bf3 f5 30. Rb7 Nc5 31. Rb8 Raa2 32. Rb1 Rxd2 33. R8xb5 Rdc2
34. Rb6+ Ke7 35. R6b5 Ne4 36. Rb7+ Kd6 37. R7b6+ Ke5 38. Bh5 f4 39. gxf4+ Kxf4
40. Rb7 f6 41. Rh7 Nc3 0-1

[Event "6MCR_4D_2L_4S"]
[Site "?"]
[Date "2004.??.??"]
[Round "?"]
[White "Zitek, Miroslav"]
[Black "Cvak, Rudolf"]
[Result "1/2-1/2"]
[WhiteElo "1800"]
[BlackElo "1835"]
[PlyCount "100"]
[EventDate "2004.??.??"]
[EventType "corr"]
[SourceDate "2004.06.03"]

1. d4 d5 2. c4 c6 3. e3 e6 4. Nf3 Nf6 5. Bd3 dxc4 6. Bxc4 b5 7. Bd3 Nbd7 8. O-O
a6 9. Qe2 c5 10. Rd1 Bb7 11. dxc5 Bxc5 12. a4 b4 13. Nbd2 Qc7 14. Nb3 Ng4 15.
h3 Nge5 16. Nxe5 Nxe5 17. Bb5+ Kf8 18. Nxc5 Qxc5 19. Bd3 Nxd3 20. Qxd3 f5 21.
Bd2 a5 22. Be1 Qd5 23. f3 Qxd3 24. Rxd3 Bd5 25. Rc1 Kf7 26. Rc7+ Kf6 27. Bg3
Rhc8 28. h4 h6 29. Bd6 g5 30. hxg5+ hxg5 31. Bg3 Bc4 32. Rdd7 Rxc7 33. Bxc7 Bb3
34. Bd8+ Kg6 35. Rd6 g4 36. Kf2 gxf3 37. gxf3 Kf7 38. e4 Bxa4 39. Bc7 Bc2 40.
Rd4 b3 41. Ra4 Rc8 42. Bd6 fxe4 43. fxe4 Rh8 44. Bc7 Ke7 45. Bxa5 e5 46. Kg3
Rc8 47. Kf3 Ke6 48. Be1 Rd8 49. Ra6+ Rd6 50. Rxd6+ Kxd6 1/2-1/2

[Event "6MCR_4D_2L_4S"]
[Site "?"]
[Date "2004.??.??"]
[Round "?"]
[White "Zitek, Miroslav"]
[Black "Jina, Jiri"]
[Result "0-1"]
[WhiteElo "1800"]
[BlackElo "2097"]
[PlyCount "70"]
[EventDate "2004.??.??"]
[EventType "corr"]
[SourceDate "2004.06.03"]

1. d4 Nf6 2. c4 e6 3. Nc3 d5 4. Bg5 Nbd7 5. Nf3 c6 6. e3 Qa5 7. Qb3 Ne4 8. Bf4
g5 9. Nxg5 Nxg5 10. cxd5 Be7 11. Bxg5 Bxg5 12. dxe6 fxe6 13. Qxe6+ Be7 14. Qb3
Nf6 15. Bc4 Qg5 16. g3 Qh5 17. Rd1 Qf3 18. Rf1 a5 19. d5 a4 20. Qb6 cxd5 21.
Nxd5 Nxd5 22. Bxd5 Qf6 23. Qb5+ Kf8 24. Rd4 Kg7 25. Rf4 Qd6 26. Rf7+ Kh6 27. f4
Bd7 28. Qc4 Be8 29. Rf5 Bg6 30. Re5 Rac8 31. Qxa4 Bf6 32. Rg5 Rhd8 33. Kf2 Rc2+
34. Kf3 Qc5 35. b4 Qc3 0-1

[Event "6MCR_4D_2L_4S"]
[Site "?"]
[Date "2004.??.??"]
[Round "?"]
[White "Zitek, Miroslav"]
[Black "Novak, Tomas"]
[Result "0-1"]
[WhiteElo "1800"]
[BlackElo "1800"]
[PlyCount "58"]
[EventDate "2004.??.??"]
[EventType "corr"]
[SourceDate "2004.06.03"]

1. d4 f5 2. c4 Nf6 3. Nf3 g6 4. Nc3 Bg7 5. Bf4 d6 6. e3 O-O 7. Bd3 c5 8. Qd2
Nbd7 9. O-O Nh5 10. d5 Nb6 11. Ne2 h6 12. Rac1 e6 13. dxe6 Bxe6 14. Rfd1 Qe7
15. b3 Rad8 16. Qa5 Nc8 17. a3 b6 18. Qa6 Bd7 19. h3 g5 20. Bg3 Bc6 21. b4 Nxg3
22. Nxg3 Qd7 23. bxc5 Bxf3 24. gxf3 f4 25. exf4 gxf4 26. c6 Qxh3 27. Bf1 Qh4
28. Ne4 Rde8 29. Qb5 Kh8 0-1

[Event "6MCR_4D_2L_4S"]
[Site "?"]
[Date "2004.??.??"]
[Round "?"]
[White "Zitek, Miroslav"]
[Black "Schwarz, Jan"]
[Result "0-1"]
[WhiteElo "1800"]
[BlackElo "2270"]
[PlyCount "96"]
[EventDate "2004.??.??"]
[EventType "corr"]
[SourceDate "2004.06.03"]

1. d4 Nf6 2. c4 e6 3. Nc3 Bb4 4. Nf3 c5 5. e3 b6 6. a3 Bxc3+ 7. bxc3 Bb7 8. Be2
O-O 9. O-O Ne4 10. Qc2 f5 11. Ne1 Ba6 12. Nf3 Nc6 13. Ne5 Na5 14. f3 Nf6 15.
dxc5 bxc5 16. Qa4 Qc7 17. Rd1 d6 18. Nc6 Qxc6 19. Qxa5 Nd7 20. Rb1 Ne5 21. Rb5
Rf6 22. Kh1 Rg6 23. Qa4 Bxb5 24. cxb5 Qb6 25. e4 c4 26. exf5 exf5 27. Bxc4+ Kh8
28. Bf4 Rc8 29. Bxe5 dxe5 30. Bf1 Rf6 31. c4 e4 32. Qc2 exf3 33. gxf3 Qc5 34.
Qb2 h6 35. a4 Rd6 36. Re1 Rcd8 37. Re5 Qc7 38. Qc2 Rd1 39. Re8+ Rxe8 40. Qxd1
Rd8 41. Qc1 Qc5 42. Qc2 Qe5 43. c5 Qf4 44. Qg2 Rd2 45. Qg3 Qxa4 46. c6 Rd1 47.
Kg2 Qa2+ 48. Kg1 Qb1 0-1